Sports Quiz

Random Sports or Network Quiz

NFL Network's 100 Greatest Players Quiz Stats

 Plays Quiz not verified by Sporcle

Score 0/100 Timer 10:00
0 Plays Today
Ranking Player % Correct
1Jerry Rice
97.5%
2Jim Brown
97%
8Peyton Manning
97%
66Willie Brown
96.5%
4Joe Montana
94.9%
20Brett Favre
93.4%
6Johnny Unitas
89.4%
3Lawrence Taylor
88.9%
21Tom Brady
88.4%
5Walter Payton
86.9%
28Emmitt Smith
86.9%
31Bruce Smith
86.9%
17Barry Sanders
84.3%
34Deion Sanders
84.3%
18Ray Lewis
83.3%
81Steve Young
81.8%
7Reggie White
79.8%
62Randy White
79.8%
23John Elway
78.8%
25Dan Marino
78.8%
50Terry Bradshaw
77.8%
51Bart Starr
75.3%
65Randy Moss
74.2%
80Troy Aikman
74.2%
75Darrell Green
70.7%
90Kurt Warner
70.7%
70Marshall Faulk
69.2%
10Dick Butkus
67.2%
15Deacon Jones
66.2%
52Eric Dickerson
64.6%
61LaDainian Tomlinson
63.1%
100Joe Namath
61.6%
88Ed Reed
60.6%
13Joe Greene
60.1%
Ranking Player % Correct
46Roger Staubach
60.1%
92Michael Irvin
58.1%
22Gale Sayers
57.6%
57Mike Singletary
57.1%
85Marcus Allen
57.1%
95Larry Allen
57.1%
11Ronnie Lott
56.1%
40OJ Simpson
56.1%
91Fran Tarkenton
53%
59Mike Ditka
51.5%
55Earl Campbell
50%
86Willie Davis
47.5%
41Rod Woodson
47%
12Anthony Munoz
46.5%
29Jack Lambert
46%
45Tony Gonzalez
45.5%
16Otto Graham
44.9%
67Kellen Winslow
44.4%
77Tony Dorsett
43.4%
60Jack Ham
40.9%
97Derrick Brooks
38.4%
14Sammy Baugh
35.9%
9Don Hutson
32.8%
30Night Train Lane
32.8%
99Michael Strahan
32.8%
72Jonathan Ogden
31.8%
78Bruce Matthews
29.8%
43Alan Page
29.3%
36Raymond Berry
28.3%
33Sid Luckman
27.3%
38Lance Alworth
26.8%
19Bronko Nagurski
25.8%
27Merlin Olsen
24.7%
47Ray Nitschke
24.7%
Ranking Player % Correct
94Lenny Moore
24.7%
68Mike Webster
23.2%
98Lee Roy Selmon
23.2%
24John Hannah
22.2%
35Chuck Bednarik
22.2%
37Jim Thorpe
22.2%
44Mel Blount
22.2%
48Red Grange
21.7%
56Gene Upshaw
21.2%
73Ozzie Newsome
21.2%
76Art Shell
20.2%
71Paul Warfield
19.7%
83Norm Van Brocklin
19.7%
26Bob Lilly
19.2%
42John Mackey
19.2%
49Mike Haynes
19.2%
93Sam Huff
19.2%
69Bobby Bell
17.7%
54Forrest Gregg
16.7%
63Jim Otto
16.7%
82Ted Hendricks
16.7%
39Gino Marchetti
15.7%
32Jim Parker
15.2%
87Elroy Hirsch
15.2%
53Willie Lanier
14.1%
58Steve Van Buren
13.6%
74Marion Motley
13.1%
64Herb Adderley
11.6%
89Ernie Nevers
11.1%
96Mel Hein
11.1%
79Emlen Tunnell
10.6%
84Joe Schmidt
9.1%

You're not logged in!

Compare scores with friends on all Sporcle quizzes.
OR
Log In

Show Comments

Extras

Top Quizzes Today


Score Distribution

Your Account Isn't Verified!

In order to create a playlist on Sporcle, you need to verify the email address you used during registration. Go to your Sporcle Settings to finish the process.

Report this User

Report this user for behavior that violates our Community Guidelines.

Details: